Mitomanías de la educación argentina : (Record no. 193158)
[ view plain ]
| 000 -CABECERA | |
|---|---|
| campo de control de longitud fija | 00785nam a2200229 u 4500 |
| 005 - FECHA Y HORA DE LA ÚLTIMA TRANSACCIÓN | |
| campo de control | 20240919064702.0 |
| 008 - ELEMENTOS DE LONGITUD FIJA--INFORMACIÓN GENERAL | |
| campo de control de longitud fija | 171017s2014 ag r 000 0 spa d |
| 020 ## - NÚMERO INTERNACIONAL NORMALIZADO PARA LIBROS | |
| Número Internacional Estándar del Libro | 9789876294492 |
| 035 ## - NÚMERO DE CONTROL DEL SISTEMA | |
| Número de control de sistema | UPN01000221059 |
| 049 ## - COLECCIÓN | |
| Colección | CG |
| 050 #4 - SIGNATURA TOPOGRÁFICA DE LA BIBLIOTECA DEL CONGRESO | |
| Número de clasificación | LA546 |
| Número de documento/Ítem | G7.5 |
| 100 1# - ASIENTO PRINCIPAL--NOMBRE PERSONAL | |
| Nombre de persona | Grimson, Alejandro, |
| Fechas asociadas al nombre | 1968- |
| 9 (RLIN) | 39187 |
| 245 10 - MENCIÓN DE TÍTULO | |
| Título | Mitomanías de la educación argentina : |
| Resto del título | crítica de las frases hechas, las medias verdades y las soluciones mágicas / |
| Mención de responsabilidad, etc. | Alejandro Grimson, Emilio Tenti Fanfani. |
| 260 ## - PUBLICACIÓN, DISTRIBUCIÓN, ETC. | |
| Lugar de publicación, distribución, etc. | Buenos Aires : |
| Nombre del editor, distribuidor, etc. | Siglo XXI, |
| Fecha de publicación, distribución, etc. | c2014. |
| 300 ## - DESCRIPCIÓN FÍSICA | |
| Extensión | 268 p. : |
| Otras características físicas | il. |
| 440 #0 - MENCIÓN DE SERIE/ASIENTO SECUNDARIO--TÍTULO | |
| Título | Singular |
| 650 #4 - ASIENTO SECUNDARIO DE MATERIA - TERMINO TEMATICO | |
| Término de materia o nombre geográfico como elemento de entrada | Educación |
| Subdivisión geográfica | Argentina |
| 9 (RLIN) | 7731 |
| 650 #4 - ASIENTO SECUNDARIO DE MATERIA - TERMINO TEMATICO | |
| Término de materia o nombre geográfico como elemento de entrada | FALACIAS COMUNES - |
| Subdivisión geográfica | ARGENTINA |
| 9 (RLIN) | 26332 |
| 700 1# - ASIENTO SECUNDARIO--NOMBRE DE PERSONAL | |
| Nombre de persona | Tenti Fanfani, Emilio, |
| Fechas asociadas al nombre | 1945- |
| Término indicativo de función/relación | coaut. |
| 9 (RLIN) | 31349 |
| 905 ## - TIPO DE MATERIAL | |
| Tipo de material | Libro |
| Estado de retiro | Estado de pérdida | Fuente del sistema de clasificación o colocación | Estado dañado | No para préstamo | Código de colección | Localización permanente | Ubicación/localización actual | Ubicación en estantería | Total de préstamos | Clasificación | Código de barras | Fecha visto por última vez | Número de copia | Tipo de ítem Koha |
|---|---|---|---|---|---|---|---|---|---|---|---|---|---|---|
| Library of Congress Classification | Colección General | Bib. Gregorio Torres Quintero | Bib. Gregorio Torres Quintero | Planta baja | LA546 G7.5 | 320601 | 31/12/2020 | 1 | Libro | |||||
| Library of Congress Classification | Colección General | Bib. Gregorio Torres Quintero | Bib. Gregorio Torres Quintero | Planta baja | 1 | LA546 G7.5 | 320602 | 31/12/2020 | 1 | Libro | ||||
| Library of Congress Classification | Colección General | Bib. Gregorio Torres Quintero | Bib. Gregorio Torres Quintero | Planta baja | LA546 G7.5 | 320603 | 31/12/2020 | 1 | Libro |
